just dance 2016 tracks - Statistics

General Stats
  • This quiz has been taken 26 times
  • The average score is 21 of 43
Answer Stats
artist song % Correct
Meghan Trainor All about that bass
89%
Martin Garrix Animals
84%
Iggy azalea ft Charli Xcx Fancy
84%
Mark Ronson ft Bruno Mars uptown funk
79%
The little mermaid ( Samuel E Wright) under the sea
74%
Lady Gaga Born this way
68%
Britney Circus
68%
David guetta, nicki minaj, Bebe rexha & afrojack hey mama
68%
The black eyed peas i gotta feeling
68%
Ellie Goulding Lights
68%
Calvin Harris ft John Newman Blame
63%
Pitbull ft Chris Brown Fun
63%
Demi Lovato Cool for the summer
58%
Kelly Clarkson heartbeat song
58%
Shakira ft El cata Rabiosa
58%
Selena gomez Same Old love
58%
Katy Perry this is how we do
58%
Hatsune Miku Ievan Polkka
53%
Aronchupa i'm an Albatraoz
53%
Violetta ( disney channel) Junto A Ti
53%
Nikki Yanofsky Kaboom pow
53%
earth, wind and fire let's groove
53%
Sabrina Boys
47%
Wanko Ni Mero mero Chiwawa
47%
Ray Charles hit the road jack
47%
jason Derulo want to want me
47%
One direction No control
42%
Nancy Sinatra these boots are made for walkin
42%
Max Gibberish
37%
jermaine Jackson ft Pia Zadora when the rain begins to fall
37%
Angry Birds Balkan Blast
32%
Diva carmina Drop the Mambo
32%
Nick Jonas teacher
32%
Grease - John travolta and olivia newton john You're the one that i want
32%
Barry manilow Copacabana
26%
Glorious black belts Kool Kontact
21%
Prince Royce Stuck on a feeling
21%
Rossini william tell overture
21%
Buraka Som Sistema Hangover
16%
O'Callaghan's orchestra Irish meadow dance
16%
Imposs Stadium Flow
16%
Darius Dante van Dijk the choice is yours
11%
Chuck Berry you can never tell
5%
No matching quizzes found
Score Distribution
Percent of People with Each Score
Percentile by Number Answered
Your Score History
You have not taken this quiz